01914nam a2200433 i 4500001001200000003000800012006001900020007001500039008004100054020005100095020004700146020002700193040003500220035002100255043001200276050002200288082001200310245008700322264005400409300003500463336002100498337002300519338003200542490004900574504005100623588004700674590014700721650005900868651003700927651003200964651003200996655002201028700002401050776020401074797001201278830004701290856012601337999001701463ebr10835429CaPaEBRm o d cr cn|||||||||130404s2013 gau ob 001 0 eng|d z9781589837676 (hardcover binding : alk. paper) z9781589837355 (paper binding : alk. paper) a9781589837362 (e-book) aCaPaEBRbengerdaepncCaPaEBR a(OCoLC)872681468 af-ua---14aDT83b.G74 2013eb04a93222304aThe great name :bancient Egyptian royal titulary /cedited by Ronald J. Leprohon. 1aAtlanta :bSociety of Biblical Literature,c2013. a1 online resource (291 pages). atext2rdacontent acomputer2rdamedia aonline resource2rdacarrier1 aWritings from the ancient world ;vNumber 33 aIncludes bibliographical references and index. aDescription based on print version record. aElectronic reproduction. Palo Alto, Calif. : ebrary, 2014. Available via World Wide Web. Access may be limited to ebrary affiliated libraries. 0aTitles of honor and nobilityzEgyptxHistoryyTo 1500. 0aEgyptxKings and rulersxTitles. 0aEgyptxHistoryyTo 332 B.C. 0aEgyptxHistoryy332-30 B.C. 0aElectronic books.1 aLeprohon, Ronald J.08iPrint version:tGreat name : ancient Egyptian royal titulary.dAtlanta : Society of Biblical Literature, 2013hxx, 270 pageskWritings from the ancient world ; Number 33z9781589837355w(DLC)108354292 aebrary. 0aWritings from the ancient world ;vno. 33.40uhttp://site.ebrary.com/lib/rucke/Doc?id=10835429zAn electronic book accessible through the World Wide Web; click to view c88433d88433